00761nam a22002411i 4500001001000000003000900010005001700019007001000036008004100046016001600087017000900103020001500112035000600127040002200133080000600155245015700161246002500318260003400343300002400377650003900401700004300440700003600483 01162936DO-SdBNP20180417084525.0 01162936930725s1978 dr spa 7 a z 2BPMSU a b  a8439983298 a  aBPMSUbspacBPMSU 0a 13aLa matemática en la vida diaria :b5º grado /h cAdaptado... por Lic. Andrés Arístides Fulcar Berigüette, Prof. Luis Humberto Monsanto Pérez13aMatemática moderna aSanto Domingo :bDisesac1978 a239 p.: c22 cmb  7aMatemáticasvLibros escolares2 1 aFulcar Berigüete, Andrés Aristides1 aMonsanto Pérez, Luis Humberto